000
00204 a2200097 4500
001
22947
100
_a
Ley, W
245
_a
The Sea: Life Nature Library
260
_a
_b
Life
_c
1963
090
_c
15529
_d
15529
942
_a
NUST-CAE
_c
M
_c
6146
999
_c
258020
_d
258020